Formula 1 Team Win Percentages - Statistics

General Stats
  • This quiz has been taken 317 times
    128 since last reset
  • The average score is 10 of 15
Answer Stats
# wins % Team % Correct
130 38.42% Mercedes
99%
248 22.10% Ferrari
98%
203 20.42% McLaren
94%
130 31.18% Red Bull
94%
114 13.03% Williams
86%
35 8.75% Renault
76%
8 47.06% Brawn GP
70%
81 13.37% Lotus
67%
27 10.38% Benetton
66%
35 8.88% Brabham
62%
17 8.63% BRM
50%
16 12.50% Cooper
50%
9 32.14% Vanwall
46%
9 15.00% Matra
45%
9 12.86% Maserati
34%
No matching quizzes found
Score Distribution
Percent of People with Each Score
Percentile by Number Answered
Your Score History
You have not taken this quiz since the last reset